000 01114cam a2200289 a 4500
005 20171117082737.0
008 970106s1997 dcua b i000 0 eng
020 _a0821338846
040 _aDLC
_cDLC
_dAGL
_dCO-BoIAVH
041 0 _aeng
044 _axxu
082 0 0 _a333.9516
_bP13m
100 1 _aPagiola, Stefano
_eautor
245 1 0 _aMainstreaming biodiversity in agricultural development :
_btoward good practice /
_cStefano Pagiola, John Kellenberg ; con Lars Vidaeus y Jitendra Srivastava.
260 _aWashington, D.C. (EE.UU.) :
_bWorld Bank,
_cc1997.
300 _ax, 50 páginas ;
_c28 x 22 cm.
490 0 _aWorld Bank environment paper ;
_vno. 15
490 0 _aGlobal overlays program
504 _aIncludes bibliographical references (p. 48-50).
650 2 6 _aAgricultura alternativa
650 2 6 _aConservación de la diversidad biológica
650 2 6 _aAgricultura
_xAspectos económicos
650 2 6 _aDesarrollo agrícola
_xProyectos de desarrollo
700 1 _aKellenberg, John
_eautor
710 2 _aThe world bank
942 _2ddc
_cLIBRO
999 _c1240
_d1240